| 000 | 01183 a2200229 4500 | ||
|---|---|---|---|
| 001 | 53100 | ||
| 005 | 20260407155804.0 | ||
| 008 | 260407a2000 arg spa d | ||
| 003 | AR-UNSa-BCEJYS | ||
| 040 |
_aAR-UNSa-BCEJYS _bspa _cAR-UNSa-BCEJYS |
||
| 080 |
_a94:33 _xHistoria económica |
||
| 245 | 1 | 0 |
_aHistoria de la globalización II _pla revolución industrial y el segundo orden mundial |
| 020 | _a950-557-361-8 | ||
| 264 | 1 |
_aBuenos Aires : _bFondo de Cultura Económica _c2000 |
|
| 300 |
_a398 p. _c23 cm. |
||
| 505 | _a1. Las vísperas del segundo orden mundial - 2. Ciencia y tecnología - 3. Las ideas políticas - 4. Las ideas económicas - 5. El surgimiento - 6. El apogeo - 7. La declinación - 8. Francia - 9. Los Estados Unidos - 10. Alemania - 11. Japón - 12. Los países marginales - 13. Asia - 14. Medio Oriente - 15. Africa - 16. América Latina - 17. Trayectoria del segundo orden mundial - 18. Desarrollo y subdesarrollo en el mundo global | ||
| 041 | _aspa | ||
| 942 | _cBK | ||
| 590 | _aniveau_biblio:m niveau_hierar:0 | ||
| 100 | 1 | _aFerrer, Aldo | |
| 856 | 4 | 1 |
_uhttps://www.biblioeco.unsa.edu.ar/pmb/images/libros/L128448.jpg _yImagen de portada _qimage/jpeg |
| 999 |
_c5083 _d5083 |
||